000 00254nam a2200109 a 4500
001 4140
005 20140414131928.0
008 090218s19uu xx 00 eng d
050 _aREF 790.1
_bUl8 1999
245 _aThe Ultimate lego book.
999 _c112158
_d112158